| 000 | 00981nmm a2200361 a 4500 | ||
|---|---|---|---|
| 003 | AR-BaBNM | ||
| 005 | 20251128205921.0 | ||
| 008 | 068019s1988 ||||||||||||||000 | spa|| | ||
| 040 | _cAR-BaBNM | ||
| 100 | 1 | _aFara, Maurice | |
| 245 | 1 | 0 |
_aLa masonería en descubierto _bestudio documental de la labor masónica |
| 260 |
_aBuenos Aires _bLos Colihues _c1988 |
||
| 300 | _a134 p. | ||
| 500 | _aContiene apéndice p. 121-131 | ||
| 650 | 4 | _aHISTORIA MEDIEVAL | |
| 650 | 4 | _aHISTORIA POLITICA | |
| 650 | 4 | _aHISTORIA DE LAS RELIGIONES | |
| 650 | 4 | _aIGLESIA | |
| 650 | 4 | _aIGLESIA Y ESTADO | |
| 650 | 4 | _aORDENES RELIGIOSAS | |
| 650 | 4 | _aMOVIMIENTOS RELIGIOSOS | |
| 650 | 4 | _aHISTORIA ANTIGUA | |
| 650 | 4 | _aCIVILIZACIONES ANTIGUAS | |
| 650 | 4 | _aPERSONAS RELIGIOSAS | |
| 650 | 4 | _aJUDAISMO | |
| 650 | 4 | _aJUDIOS | |
| 650 | 4 | _aIDEOLOGIAS | |
| 653 | _aLOGIAS | ||
| 653 | _aMASONERIA | ||
| 700 | 1 |
_aSalaya, Marcelino _etraductor |
|
| 942 | _cBK | ||
| 998 | _cMariana | ||
| 999 |
_c13290 _d13290 |
||